Sistemas de información para la toma de decisiones / Daniel Cohen Karen (Registro nro. 23393)
[ vista simple ]
| 000 -LÍDER | |
|---|---|
| fixed length control field | 00444nam a2200145 4500 |
| 020 ## - NÚMERO INTERNACIONAL NORMALIZADO PARA LIBROS | |
| ISBN | 970-10-0882-0 |
| 050 ## - SIGNATURA TOPOGRAFICA DE LA BIBLIOTECA DEL CONGRESO (LC) | |
| Número de Clasificación | T58.62 C678 |
| 082 ## - NUMERO DE CLASIFICACION DECIMAL DEWEY | |
| Número de Clasificación | 658.403 C233s |
| 100 ## - ASIENTO PRINCIPAL--NOMBRE PERSONAL | |
| Nombre personal | Cohen Karen, Daniel |
| 245 ## - TÍTULO | |
| Título | Sistemas de información para la toma de decisiones / Daniel Cohen Karen |
| 250 ## - MENCIÓN DE EDICIÓN | |
| Mención de edición | 2a ed. |
| 260 ## - PUBLICACIÓN, DISTRIBUCIÓN, ETC. (PIE DE IMPRENTA) | |
| Lugar de publicación, distribución, etc. | Mexico : McGraw-Hill |
| 300 ## - DESCRIPCIÓN FÍSICA | |
| Extensión | XXII, 243p./ 23 cm. |
| 650 ## - ASIENTO SECUNDARIO DE MATERIA - TERMINO TEMÁTICO | |
| Término temático o nombre geográfico como elemento de entrada | 1. TIPOS Y USOS DE LOS SISTEMAS DE INFORMACION \ 2. COMPUTADORA |
| No. biblioteca | No. biblioteca | Número de clasificación | Código de barras/Número de adquisición | Número de copia | Tipo de material |
|---|---|---|---|---|---|
| LUIS G. INCLAN | LUIS G. INCLAN | 658.403 C233s | 27410 | 11 | Libros |
